Statistics for Most Recognizable People #1

Click here to take the quiz!

General Stats

  • This quiz has been taken 52 times
  • The average score is 26 of 32

Answer Stats

Answer% Correct
Albert Einstein
100%
Donald Trump
100%
Mahatma Gandhi
100%
Queen Elizabeth II
98%
Martin Luther King, Jr.
98%
Barack Obama
98%
Muhammad Ali
95%
Mother Teresa
93%
Elvis Presley
93%
Abraham Lincoln
93%
Nelson Mandela
93%
Bill Gates
93%
Winston Churchill
91%
Oprah Winfrey
91%
Marilyn Monroe
88%
Vincent van Gogh
84%
Adolf Hitler
84%
Tom Hanks
81%
Paul McCartney
81%
Rosa Parks
81%
Michael Jackson
81%
Anne Frank
81%
Ludwig van Beethoven
79%
Ariana Grande
77%
LeBron James
72%
Christopher Columbus
72%
Queen Victoria
67%
Michael Jordan
60%
Amelia Earhart
56%
Thomas Edison
49%
J.K. Rowling
49%
Charles Darwin
16%

Score Distribution

Percentile by Number Answered

Percent of People with Each Score

Your Score History

You have not taken this quiz